000 01246cam a22003497a 4500
003 CHAP
005 20220329134305.0
008 971013s1976 r 00010 d
010 _a18209
011 _a19181
035 _a23266
040 _cCHAP
082 _a104
_bC4Y
110 _aCentre d'Etudes et de Recherches Marxistes
_921027
245 0 _aFilosofía y religión
_cpor Centre d'Etudes et de Recherches Marxistes
260 _aMéxico, D. F. :
_bGrijalbo,
_c1976.
300 _a338 p.
490 0 _aTeoría y praxis
_v; 21
590 _aBATCH-UPD
_b10
_c20130110
_lUCH01
_h1811
590 _aBATCH-UPD
_b10
_c20130410
_lUCH01
_h1146
590 _aBATCH-UPD
_b10
_c20130914
_lUCH01
_h1407
590 _aCONVERSION
_b10
_c20130109
_lUCH01
_h1311
650 1 4 _aFilosofía.
_940890
650 1 4 _aReligión.
_995834
830 0 _aTeoría y praxis
_v; 21
_9112315
901 _aBK
942 _cLIBRO
949 _a104 C4Y
_bBC
_cLIBRO
_d33724000073508
_eLIBRO
_fc.2
_h48600
_i23266
_si
_t99.00
949 _a104 C4Y
_bBC
_cLIBRO
_d33724000335709
_eLIBRO
_fc.3
_h485601
_i23266
_si
_t99.00
949 _a104 C4Y
_bBC
_cLIBRO
_d33724000831699
_eLIBRO
_fc.4
_h45711
_i23266
_si
_t99.00
949 _a104 C4Y
_bBC
_cLIBRO
_d33724000937215
_eLIBRO
_h48599
_i23266
_si
_t99.00
999 _c18209
_d18209